Sports Quiz

Random Sports or University Quiz
Score 0/33 Timer 07:00
0 Plays Today
Year Player % Correct
1996Ray Lewis
91.1%
2001Damione Lewis
88.5%
2003Andre Johnson
84.7%
2002Ed Reed
80.9%
2003Willis McGahee
72%
1995Warren Sapp
63.1%
2004Sean Taylor
61.1%
2002Jeremy Shockey
60.5%
2004Kellen Winslow
59.2%
1999Edgerrin James
57.3%
2001Reggie Wayne
56.1%
2007Greg Olsen
54.8%
2004D.J. Williams
53.5%
2004Jonathan Vilma
52.2%
2001Santana Moss
51.6%
2008Kenny Phillips
50.3%
2005Antrel Rolle
49%
Year Player % Correct
2007Brandon Meriweather
48.4%
2002Bryant McKinnie
43.9%
2004Vince Wilfork
43.9%
2007Jon Beason
39.5%
2002Phillip Buchanon
30.6%
2001Dan Morgan
28.7%
2002Mike Rumph
26.8%
2003Jerome McDougle
22.9%
2000Bubba Franks
21%
2004Vernon Carey
21%
2003William Joseph
19.1%
2006Kelly Jennings
19.1%
1997Yatil Green
15.3%
1998Duane Starks
7.6%
1997Kenny Holmes
4.5%
1997Kenard Lang
2.5%
Remove Ads.
Support Sporcle.
Get the best of Sporcle when you Go Orange. This ad-free experience offers more features, more stats, and more fun while also helping to support Sporcle. Thank you for becoming a member.

You're not logged in!

Compare scores with friends on all Sporcle quizzes.
OR
Log In

Sporcle TV

Today on Sporcle TV


Watch our educational content, quiz creation guides, and fun videos on Sporcle TV.

Show Comments

Extras

Top Quizzes Today


Score Distribution

Paid Content

Your Account Isn't Verified!

In order to create a playlist on Sporcle, you need to verify the email address you used during registration. Go to your Sporcle Settings to finish the process.

Report this User

Report this user for behavior that violates our Community Guidelines.

Details: